|
|
|
|
| LEADER |
00000nam a2200000Ia 4500 |
| 008 |
190621b1998 cr ||||| |||| 00| | spa d |
| 999 |
|
|
|c 891
|d 891
|
| 020 |
|
|
|a 9968-859-10-9
|
| 090 |
|
|
|a 03.03.04
|b 1407
|
| 110 |
|
|
|a Instituto Nacional de Fomento Cooperativo, INFOCOOP
|
| 245 |
|
|
|a Guías didácticas para la enseñanza de los valores y principios del cooperativismo como parte integrada a las asignaturas de los planes de estudio vigentes: III ciclo y educación diversificada. Estudios Sociales y Educación Cívica /
|c Instituto Nacional de Fomento Cooperativo, INFOCOOP
|
| 260 |
|
|
|a San José, C.R. :
|c INFOCOOP,
|b 2005
|
| 300 |
|
|
|a 84 páginas; 14 x 21cm
|
| 650 |
|
|
|a COOPERATIVAS
|
| 650 |
|
|
|a ESTUDIOS SOCIALES Y EDUCACIÓN CÍVICA
|
| 650 |
|
|
|a ENSEÑANZA
|
| 650 |
|
|
|a COSTA RICA
|
| 700 |
|
|
|a Padilla Sibaja, María Cecilia
|e editora
|
| 700 |
|
|
|a Villalobos Morales, Edgar Antonio
|e editor
|
| 942 |
|
|
|i 003067
|h 03.03.04 1407
|2 z
|c 01
|